| 000 | 00778nam a2200253Ia 4500 | ||
|---|---|---|---|
| 003 | OSt | ||
| 005 | 20220927105912.0 | ||
| 006 | a|||||r|||| 00| 0 | ||
| 007 | ta | ||
| 008 | 220926b |||||||| |||| 00| 0 eng d | ||
| 024 | _a59535 | ||
| 037 | _cReference Collections | ||
| 040 |
_aRTL _cRTL _beng |
||
| 041 |
_2eng _aeng |
||
| 082 | _a"X61:533.5, h, N8" | ||
| 110 |
_aSeminar on financial aspects of trade expansion _9375634 |
||
| 245 | 0 | _aReport and recommendations | |
| 260 |
_aNew _bYork United Nations _c1967 |
||
| 300 |
_a"ii, 207p. Appendix P 14-207" _ccm. |
||
| 650 |
_aMoney _9375635 |
||
| 700 |
_aSeminar on financial aspects of trade expansion _9375636 |
||
| 942 |
_h"X61:533.5, h, N8" _cCC |
||
| 999 |
_c695161 _d695161 |
||